000 01027cab a2200289 4500
001 WB2812-22
008 090401t1992 xxu||||| |||| 00| 0 eng d
035 _a(Sirsi) u59945
041 _aeng
245 _aMining permissions
260 _c1992
350 _a0
490 _aEstates Gazette
_v(9210) 14 March 1992, 106; Planning 13 March 1992,
520 _aMPG8 and MPG9 provide guidance for holders of permissions for mineral extraction granted on applications between 1943 and 1948 but not taken up, who must now register the permission. Also the Government has published a consultation paper reviewing minerals permissions granted c1950-1980.
650 _aBRITISH COAL
650 _aCONSULTATION PAPER
650 _aINTERIM DEVELOPMENT ORDERS
650 _aMINERALS ACT 1981
650 _aMINERALS PERMISSIONS
650 _aMPG8
650 _aMPG9
650 _aPLANNING AND COMPENSATION ACT 1991
650 _aSTEVENS REPORT
690 _aMINING AND MINERALS
942 _n0
948 _c04/03/1997
999 _c36888
_d36888